[Event "Mondiale Lampo FIDE 2019"]
[Site "Mosca"]
[Date "29.12.2019"]
[Round "1.23"]
[White "Fedoseev, Vladimir3"]
[Black "Piorun, Kacper"]
[Result "1-0"]
[WhiteTitle "GM"]
[BlackTitle "GM"]
[WhiteElo "2677"]
[BlackElo "2611"]
[WhiteFideId "24130737"]
[BlackFideId "1130420"]
[EventDate "2019.12.29"]

1. d4 d5 2. c4 e6 3. Nf3 c6 4. e3 f5 5. Bd3 Bd6 6. O-O Nd7 7. b3 Nh6 8. Ba3 Qe7
9. Bxd6 Qxd6 10. Nc3 O-O 11. Rc1 a6 12. h3 Nf7 13. cxd5 cxd5 14. h4 Nf6 15. Ne2
Bd7 16. Qd2 Ne4 17. Qb2 Bb5 18. Nf4 Bxd3 19. Nxd3 Rfc8 20. Rxc8+ Rxc8 21. Rc1
Rc7 22. g3 Qd8 23. Nf4 Rxc1+ 24. Qxc1 Qd7 25. Ne1 Nd8 26. Ned3 Nc6 27. f3 g5 28.
Ne2 Nd6 29. hxg5 Qe7 30. Ndf4 Nf7 31. g6 Ng5 32. Kg2 hxg6 33. Nxg6 Qf6 34. Nef4
Nf7 35. Qc5 Nfd8 36. Qd6 Kf7 37. Qd7+ Kg8 38. Qe8+ Kh7 39. Nf8+ Kh6 40. Nd7 Qf7
41. Qh8+ 1-0

[Event "Mondiale Lampo FIDE 2019"]
[Site "Mosca"]
[Date "29.12.2019"]
[Round "1.25"]
[White "Jobava, Baadur"]
[Black "Carlsson, Pontus"]
[Result "1-0"]
[WhiteTitle "GM"]
[BlackTitle "GM"]
[WhiteElo "2604"]
[BlackElo "2456"]
[WhiteFideId "13601520"]
[BlackFideId "1705814"]
[EventDate "2019.12.29"]

1. d4 Nf6 2. Bg5 e6 3. e4 h6 4. Bxf6 Qxf6 5. c3 d6 6. Bc4 Qd8 7. Nd2 Be7 8. Ne2
O-O 9. O-O Nd7 10. f4 c5 11. Kh1 cxd4 12. cxd4 d5 13. exd5 exd5 14. Bxd5 Nf6 15.
Bf3 Bg4 16. Ng3 Bxf3 17. Nxf3 Nd5 18. Nf5 Bf6 19. Ne5 Qc8 20. Qg4 Kh7 21. Rac1
Qe6 22. Rce1 Rfe8 1-0

[Event "Mondiale Lampo FIDE 2019"]
[Site "Mosca"]
[Date "29.12.2019"]
[Round "1.26"]
[White "Kazhgaleyev, Murtas"]
[Black "Morozevich, Alexander"]
[Result "1/2-1/2"]
[WhiteTitle "GM"]
[BlackTitle "GM"]
[WhiteElo "2569"]
[BlackElo "2659"]
[WhiteFideId "13700316"]
[BlackFideId "4116992"]
[EventDate "2019.12.29"]

1. d4 e6 2. c4 b6 3. e4 Bb7 4. Bd3 Nc6 5. Ne2 Nb4 6. Nbc3 Nxd3+ 7. Qxd3 Bb4 8.
O-O Ne7 9. a3 Bxc3 10. Nxc3 O-O 11. Bd2 f5 12. Rae1 fxe4 13. Nxe4 Qe8 14. Bb4
Rf5 15. d5 Ng6 16. Ng3 Nf4 17. Qxf5 exf5 18. Rxe8+ Rxe8 19. Nxf5 b5 20. cxb5
Bxd5 21. Ne3 Bb3 22. g3 Nd3 23. Bc3 Rb8 24. a4 Bxa4 25. Ra1 Bxb5 26. Rxa7 Bc6
27. Nf5 Be4 28. Nd4 c5 29. Ne2 Bc6 30. Ra5 g5 31. f4 Re8 32. Kf1 Bf3 33. Ng1 Bd5
34. fxg5 Kf7 35. Nh3 Bc4 36. Kg1 d5 37. Ra7+ Ke6 38. Nf4+ Nxf4 39. gxf4 d4 40.
Ba5 Kd5 41. Rd7+ Ke4 42. Rc7 Kf3 43. Rxc5 Bd3 44. Re5 Rc8 45. f5 Rc1+ 46. Re1
Rxe1+ 47. Bxe1 Bxf5 48. h4 Ke2 49. Bb4 d3 50. Kh2 Kf3 51. Be1 Bd7 52. b4 Be8 53.
Kg1 Ke2 54. Bc3 d2 55. Bxd2 Kxd2 56. Kf2 Kc3 57. Kg3 Kxb4 58. Kf4 Kc4 59. Ke5
Kd3 60. Kf6 Ke4 61. Kg7 Bg6 62. h5 1/2-1/2

[Event "Mondiale Lampo FIDE 2019"]
[Site "Mosca"]
[Date "29.12.2019"]
[Round "1.27"]
[White "Mamedyarov, Shakhriyar"]
[Black "Gajewski, Grzegorz"]
[Result "1-0"]
[WhiteTitle "GM"]
[BlackTitle "GM"]
[WhiteElo "2772"]
[BlackElo "2626"]
[WhiteFideId "13401319"]
[BlackFideId "1116207"]
[EventDate "2019.12.29"]

1. d4 Nf6 2. Nf3 e6 3. g3 d5 4. Bg2 b5 5. Qd3 Ba6 6. a3 b4 7. Qb3 bxa3 8. Nxa3
Be7 9. Bf4 O-O 10. O-O Bxe2 11. Rfe1 Bxf3 12. Bxf3 Nbd7 13. Nb5 c5 14. Nxa7 c4
15. Qb7 Qb6 16. Qxb6 Nxb6 17. Nc6 Rfe8 18. Rxa8 Nxa8 19. Ra1 Bf8 20. g4 h6 21.
h4 Nb6 22. Ra7 Nfd7 23. Rb7 Ra8 24. Bc7 Ra6 25. g5 Na8 26. Nd8 Be7 27. g6 Nxc7
28. Rxc7 Bxd8 29. Rxd7 Bxh4 30. gxf7+ Kf8 31. Bh5 Rb6 32. Ra7 Rb8 33. Kg2 Bf6
34. c3 Bg5 35. Bg4 Rb6 36. Bh5 Rb8 37. Kf1 Bc1 38. Ke2 Bxb2 39. Kd2 g5 40. Kc2
Kg7 41. Bg4 Kg6 42. Bxe6 h5 43. Bxd5 g4 44. Rb7 1-0

[Event "Mondiale Lampo FIDE 2019"]
[Site "Mosca"]
[Date "29.12.2019"]
[Round "1.28"]
[White "Sek, Konstantin"]
[Black "Meier, Georg"]
[Result "1/2-1/2"]
[BlackTitle "GM"]
[WhiteElo "2446"]
[BlackElo "2626"]
[WhiteFideId "24104302"]
[BlackFideId "4675789"]
[EventDate "2019.12.29"]

1. e4 b6 2. d4 Bb7 3. Nc3 e6 4. a3 g6 5. Nf3 Bg7 6. Be2 d6 7. Bg5 Ne7 8. Qd2 h6
9. Be3 Nd7 10. O-O a6 11. Rfe1 g5 12. h3 Ng6 13. d5 Nde5 14. Nd4 Qe7 15. a4 O-O
16. b3 Qf6 17. Rad1 Nf4 18. Bf1 exd5 19. Bxf4 gxf4 20. Nxd5 Bxd5 21. exd5 h5 22.
Be2 Qg5 23. Bf3 Kh8 24. Re4 Bh6 25. Qe2 Rg8 26. Nc6 Bg7 27. Re1 Rae8 28. Nxe5
Rxe5 29. Rxe5 Bxe5 30. Qxa6 Qf5 31. Kf1 Qxc2 32. Qc4 Qxc4+ 33. bxc4 h4 34. Bg4
Ra8 35. Bd7 Kg7 36. Ke2 Kf6 37. Bc6 1/2-1/2

[Event "Mondiale Lampo FIDE 2019"]
[Site "Mosca"]
[Date "29.12.2019"]
[Round "1.29"]
[White "Gelfand, Boris"]
[Black "Zarnicki, Pablo"]
[Result "1-0"]
[WhiteTitle "GM"]
[BlackTitle "GM"]
[WhiteElo "2684"]
[BlackElo "2514"]
[WhiteFideId "2805677"]
[BlackFideId "100137"]
[EventDate "2019.12.29"]

1. d4 d5 2. Nf3 Nf6 3. Bf4 c5 4. e3 Nc6 5. Nbd2 cxd4 6. exd4 Bf5 7. c3 e6 8. Qb3
Bd6 9. Bg3 Rb8 10. a4 O-O 11. Be2 Ne4 12. Nxe4 Bxe4 13. O-O Bxg3 14. hxg3 Qd6
15. Nd2 Bg6 16. Rfe1 Na5 17. Qb5 b6 18. Bf1 Rfc8 19. Re3 h6 20. Qe2 Nc4 21. Nxc4
Rxc4 22. Qg4 Rc7 23. Bb5 a5 24. Rae1 Re7 25. Qh4 Rc8 26. g4 f6 27. f3 Kf8 28.
Qf2 Be8 29. Qe2 Bxb5 30. Qxb5 Kf7 31. Qd3 Rc4 32. b3 Rc8 33. Kf2 Qh2 34. c4 Qd6
35. Kg1 Rd8 36. Rd1 Red7 37. Qe2 Re7 38. Rc3 dxc4 39. bxc4 Qb4 40. Qc2 Red7 41.
Rb3 Qd6 42. Rb5 Qf4 43. d5 exd5 44. cxd5 Rc7 45. Qf2 Qxa4 46. Rdb1 Qc4 47. Qxb6
Re8 48. d6 Rd7 49. Rxa5 Qe2 50. Ra7 Rxa7 51. Qxa7+ Kg6 52. Qc5 Qd3 53. Rb7 Re5
54. Qc7 Kg5 55. Qxg7+ Kf4 56. Qxh6+ Rg5 57. Qh2+ Ke3 58. Qg3 Qd1+ 59. Kh2 Rg8
60. f4+ Ke4 61. Rb4+ Kd5 62. Qb3+ Kc5 63. Qxd1 1-0

[Event "Mondiale Lampo FIDE 2019"]
[Site "Mosca"]
[Date "29.12.2019"]
[Round "1.30"]
[White "Kovalev, Vladislav"]
[Black "Kamsky, Gata"]
[Result "1/2-1/2"]
[WhiteTitle "GM"]
[BlackTitle "GM"]
[WhiteElo "2662"]
[BlackElo "2677"]
[WhiteFideId "13504398"]
[BlackFideId "2000024"]
[EventDate "2019.12.29"]

1. e4 e6 2. d4 d5 3. Nd2 dxe4 4. Nxe4 Nd7 5. g3 Be7 6. Bg2 Ngf6 7. c3 O-O 8. Ne2
Rb8 9. O-O b6 10. Qa4 a6 11. Nf4 b5 12. Qc2 c5 13. dxc5 Nxc5 14. Rd1 Qc7 15.
Nxf6+ Bxf6 16. Nh5 Be5 17. Be3 Bb7 18. Bxb7 Rxb7 19. Qe2 g6 20. Nf4 Bg7 21. Qf3
Rbb8 22. Rd2 Rfd8 23. Rad1 Rxd2 24. Rxd2 h5 25. Bxc5 Qxc5 26. Rd7 Qf5 27. Qd3
Qxd3 28. Nxd3 a5 29. Ra7 Rd8 30. Nc5 Rd2 31. Rxa5 Rxb2 32. Ne4 Re2 33. Ra8+ Bf8
34. Nf6+ Kg7 35. Ne8+ Kg8 36. Nf6+ Kg7 37. Ne8+ Kg8 1/2-1/2

[Event "Mondiale Lampo FIDE 2019"]
[Site "Mosca"]
[Date "29.12.2019"]
[Round "1.31"]
[White "Aronian, Levon"]
[Black "Bartel, Mateusz"]
[Result "1-0"]
[WhiteTitle "GM"]
[BlackTitle "GM"]
[WhiteElo "2775"]
[BlackElo "2634"]
[WhiteFideId "13300474"]
[BlackFideId "1112635"]
[EventDate "2019.12.29"]

1. d4 Nf6 2. c4 e6 3. Nf3 b6 4. g3 Ba6 5. Qc2 Bb7 6. Bg2 c5 7. d5 exd5 8. cxd5
Nxd5 9. O-O Be7 10. Rd1 Nc6 11. a3 Nf6 12. e4 O-O 13. e5 Ne8 14. Nc3 Nc7 15. Be3
Rc8 16. Rd2 Ne6 17. Rad1 Ncd4 18. Nxd4 cxd4 19. Bxd4 Bxg2 20. Kxg2 Qc7 21. Qe4
Rfe8 22. Be3 Nc5 23. Bxc5 Bxc5 24. f4 d6 25. Nb5 Qb8 26. b4 d5 27. Rxd5 Bf8 28.
Rd7 a6 29. Nd4 b5 30. Qd5 Be7 31. Nc6 Qa8 32. Nxe7+ 1-0

[Event "Mondiale Lampo FIDE 2019"]
[Site "Mosca"]
[Date "29.12.2019"]
[Round "1.32"]
[White "Galkin, Alexander"]
[Black "Ponkratov, Pavel"]
[Result "0-1"]
[WhiteTitle "GM"]
[BlackTitle "GM"]
[WhiteElo "2611"]
[BlackElo "2632"]
[WhiteFideId "4120426"]
[BlackFideId "4157800"]
[EventDate "2019.12.29"]

1. Nf3 c5 2. e3 Nf6 3. d4 g6 4. dxc5 Qa5+ 5. c3 Qxc5 6. b4 Qc7 7. Bb2 Bg7 8. c4
O-O 9. Nbd2 d6 10. Be2 a5 11. a3 Na6 12. Qb3 Qb6 13. Bc3 e5 14. O-O axb4 15.
axb4 Be6 16. Rab1 h6 17. Qb2 Qc7 18. c5 Nd5 19. Ne4 Nxc3 20. Qxc3 Bf5 21. Nxd6
Bxb1 22. Rxb1 b6 23. Rc1 bxc5 24. bxc5 Kh7 25. e4 Rfd8 26. Bxa6 Rxa6 27. h3 Rc6
28. Nb5 Qe7 29. Qa3 Bf8 30. Nd6 Qe6 31. Rd1 Bxd6 32. cxd6 Rcxd6 33. Rxd6 Rxd6
34. Qc3 f6 35. Qc7+ Qd7 36. Qb8 h5 37. h4 Rc6 38. Qf8 Qc7 39. Kh2 Rd6 40. Qe8
Rd8 41. Qe6 Kg7 42. Qb3 Rd7 43. Qe6 Qb7 44. Qe8 Re7 45. Qd8 Rf7 46. Qd3 Rd7 47.
Qc4 Qb6 48. Kg3 Ra7 49. Qc8 Qb7 50. Qc4 Qd7 51. Kh2 Rc7 52. Qb4 Rc2 53. Qb6 Qc7
54. Qe3 Qc5 55. Qxc5 Rxc5 56. Ng1 Rc4 57. f3 Rc2 58. Kg3 Kf7 59. Nh3 Ke6 60. Nf2
f5 61. exf5+ gxf5 62. Nh3 Kd5 63. Kh2 Kd4 64. Ng5 e4 65. fxe4 fxe4 66. Kg3 Kd3
67. Ne6 e3 68. Nf4+ Kd2 69. Kf3 Rc8 70. g4 hxg4+ 71. Kxg4 Rc4 72. h5 e2 0-1

[Event "Mondiale Lampo FIDE 2019"]
[Site "Mosca"]
[Date "29.12.2019"]
[Round "1.33"]
[White "Tari, Aryan"]
[Black "Potkin, Vladimir"]
[Result "1-0"]
[WhiteTitle "GM"]
[BlackTitle "GM"]
[WhiteElo "2634"]
[BlackElo "2583"]
[WhiteFideId "1510045"]
[BlackFideId "4131061"]
[EventDate "2019.12.29"]

1. e4 e5 2. Nf3 Nc6 3. Nc3 Nf6 4. a3 d5 5. Bb5 Nxe4 6. Qe2 Qd6 7. Nxe4 dxe4 8.
Qxe4 Bd7 9. d4 O-O-O 10. dxe5 Nxe5 11. Bxd7+ Rxd7 12. O-O Nxf3+ 13. Qxf3 Qd5 14.
Qg3 h5 15. Bf4 h4 16. Qg4 h3 17. gxh3 f5 18. Qg6 Bc5 19. Rae1 Qf3 20. Qxf5 Rf8
21. Qxc5 Qxf4 22. Qh5 Rd2 23. Re8+ Rxe8 24. Qxe8+ Rd8 25. Qe6+ Kb8 26. Re1 a6
27. Qg4 Qf6 28. c3 Rd2 29. Re2 Rd1+ 30. Kg2 Qc6+ 31. Qe4 Qf6 32. Qe8+ Ka7 33.
Qe3+ Kb8 34. Qe4 Qg5+ 35. Qg4 Qf6 36. h4 Qc6+ 37. Qe4 Qf6 38. Qe8+ Ka7 39. Qe3+
Kb8 40. Qe4 Qd6 41. Re3 Rd2 42. b4 Qf6 43. Rf3 Qd6 44. Qf4 Qd5 45. Qf8+ Ka7 46.
Qc5+ Qxc5 47. bxc5 Rd5 48. Rg3 Rxc5 49. Rxg7 Rxc3 50. h5 Rc5 51. h6 Rh5 52. h7
c5 53. Kg3 c4 54. h4 c3 55. Kg4 Rh6 56. Rc7 c2 57. Rxc2 Rxh7 58. h5 b5 59. Kg5
Kb6 60. Kg6 Rh8 61. h6 Rg8+ 62. Kf7 Rg4 63. h7 Rf4+ 64. Kg6 Rg4+ 65. Kh5 Rg1 66.
Rc8 1-0

[Event "Mondiale Lampo FIDE 2019"]
[Site "Mosca"]
[Date "29.12.2019"]
[Round "1.34"]
[White "Dragnev, Valentin"]
[Black "Amin, Bassem"]
[Result "1-0"]
[WhiteTitle "GM"]
[BlackTitle "GM"]
[WhiteElo "2553"]
[BlackElo "2683"]
[WhiteFideId "1634852"]
[BlackFideId "10601457"]
[EventDate "2019.12.29"]

1. d4 e6 2. e4 d5 3. Nd2 Nf6 4. e5 Nfd7 5. Bd3 c5 6. c3 Nc6 7. Ne2 cxd4 8. cxd4
f6 9. exf6 Nxf6 10. Nf3 Bd6 11. Bf4 Bxf4 12. Nxf4 Qa5+ 13. Qd2 Qxd2+ 14. Kxd2
O-O 15. Rhe1 Ne4+ 16. Bxe4 Rxf4 17. Bd3 Nxd4 18. Ke3 Nxf3 19. Kxf4 Nxe1 20. Rxe1
Bd7 21. Ke5 Bc6 22. Rc1 Kf7 23. b4 a6 24. a4 Ke7 25. f3 h6 26. h4 Rc8 27. f4 Bd7
28. Rxc8 Bxc8 29. g4 Bd7 30. a5 Ba4 31. f5 Bd7 32. Bc2 exf5 33. gxf5 d4 34. Be4
Bc8 35. Kxd4 Kd6 36. Bf3 Bxf5 37. Bxb7 g5 38. hxg5 hxg5 39. Bxa6 Bh3 40. Bb7 Kc7
41. Be4 g4 42. Ke3 g3 43. b5 Bd7 44. b6+ Kd6 45. a6 Bc6 46. Bxc6 Kxc6 47. a7 Kb7
48. Kf3 Ka8 49. Kxg3 Kb7 50. Kf4 Ka8 51. Ke5 Kb7 52. Kd6 Ka8 53. Kc5 Kb7 54. Kb5
Ka8 55. Ka5 Kb7 56. a8=Q+ Kxa8 57. Ka6 Kb8 58. b7 1-0

[Event "Mondiale Lampo FIDE 2019"]
[Site "Mosca"]
[Date "29.12.2019"]
[Round "1.35"]
[White "Nihal, Sarin"]
[Black "Vishnu Prasanna, V"]
[Result "0-1"]
[WhiteTitle "GM"]
[BlackTitle "GM"]
[WhiteElo "2612"]
[BlackElo "2493"]
[WhiteFideId "25092340"]
[BlackFideId "5030692"]
[EventDate "2019.12.29"]

1. d4 Nf6 2. Nc3 d5 3. Bf4 g6 4. e3 Bg7 5. h4 h5 6. Nf3 c6 7. Ne5 Nbd7 8. Be2
Nb6 9. Qd2 Be6 10. O-O-O Nfd7 11. Nxd7 Qxd7 12. f3 a6 13. a3 Rc8 14. e4 dxe4 15.
fxe4 Nc4 16. Bxc4 Bxc4 17. Qe3 b5 18. e5 Bd5 19. Ne4 Bxe4 20. Qxe4 Qd5 21. Qxd5
cxd5 22. Rhe1 Rc6 23. Kd2 e6 24. Bg5 Bh6 25. Bxh6 Rxh6 26. Re3 Rh8 27. Rf1 Ke7
28. Ref3 Rf8 29. c3 a5 30. Kd3 Rc4 31. Ra1 Rb8 32. Raf1 Rf8 33. Rf6 Rc7 34. g3
Rb7 35. R6f3 Rc7 36. Rf6 Rb7 37. R6f2 Rc7 38. Rf3 Rb7 39. R1f2 Rc7 40. Ke3 Rb7
41. Kf4 Re8 42. Kg5 Kf8 43. Kf6 b4 44. axb4 axb4 45. Rg2 bxc3 46. bxc3 Rb1 47.
g4 hxg4 48. Rxg4 Rh1 49. Rgf4 Kg8 50. Rf1 Rxf1 51. Rxf1 Rc8 52. Rf3 Rc7 53. Rg3
Kf8 54. Rh3 Kg8 55. Rg3 Kf8 56. Rf3 Kg8 57. Re3 Kf8 58. Rg3 Rb7 59. Rg1 Rb2 60.
Rf1 Rh2 61. Rf4 Rh3 62. Rf2 Rxh4 63. Ra2 Rf4+ 64. Kg5 Rf5+ 65. Kg4 Kg7 66. Ra7
Rf1 67. Rc7 Rg1+ 68. Kf3 g5 69. c4 dxc4 70. Rxc4 Kg6 71. Rc7 Rd1 72. Rd7 Rd3+
73. Kg4 Re3 74. Rd8 Re4+ 75. Kg3 Kf5 76. Rd7 Rg4+ 77. Kh3 Rh4+ 78. Kg3 Rh7 79.
Rd8 g4 80. Rd7 Kg5 81. d5 Rh3+ 82. Kg2 exd5 83. Rxf7 Re3 84. Re7 Kf5 85. Rf7+
Kxe5 86. Rg7 Re4 87. Kg3 Kd4 88. Rd7 Kc4 89. Rc7+ Kd3 90. Kf2 d4 91. Ra7 Kc2 92.
Ra2+ Kb3 93. Ra7 d3 0-1

[Event "Mondiale Lampo FIDE 2019"]
[Site "Mosca"]
[Date "29.12.2019"]
[Round "1.36"]
[White "Drygalov, Sergey"]
[Black "Sjugirov, Sanan"]
[Result "1/2-1/2"]
[WhiteTitle "IM"]
[BlackTitle "GM"]
[WhiteElo "2473"]
[BlackElo "2665"]
[WhiteFideId "24171743"]
[BlackFideId "4189302"]
[EventDate "2019.12.29"]

1. d4 Nf6 2. Nf3 e6 3. c4 d5 4. Nc3 Nbd7 5. cxd5 exd5 6. Bg5 c6 7. e3 h6 8. Bh4
g5 9. Bg3 Nh5 10. Bd3 Nxg3 11. hxg3 Bg7 12. Qc2 Nb6 13. Ne5 Bxe5 14. dxe5 Qe7
15. f4 Bg4 16. Ne2 O-O-O 17. O-O-O Kb8 18. Kb1 f6 19. exf6 Qxf6 20. Rde1 Rc8 21.
Qc3 Qe7 22. fxg5 Qxg5 23. Nf4 Rhe8 24. e4 dxe4 25. Rxe4 Rxe4 26. Bxe4 Re8 27.
Bc2 Nd5 28. Nxd5 cxd5 29. Re1 Rxe1+ 30. Qxe1 a6 31. Qf2 1/2-1/2

[Event "Mondiale Lampo FIDE 2019"]
[Site "Mosca"]
[Date "29.12.2019"]
[Round "1.37"]
[White "Adly, Ahmed"]
[Black "Antipov, Mikhail Al."]
[Result "0-1"]
[WhiteTitle "GM"]
[BlackTitle "GM"]
[WhiteElo "2607"]
[BlackElo "2549"]
[WhiteFideId "10601619"]
[BlackFideId "4107012"]
[EventDate "2019.12.29"]

1. Nf3 Nf6 2. g3 g6 3. Bg2 Bg7 4. c4 c6 5. O-O O-O 6. d4 d5 7. a4 Be6 8. Na3 a5
9. Qb3 Na6 10. Ng5 dxc4 11. Qxb7 Nb4 12. Nxe6 fxe6 13. Nxc4 Qxd4 14. Nxa5 Rxa5
15. Qxe7 Re8 16. Be3 Rxe7 17. Bxd4 Nfd5 18. Bxg7 Kxg7 19. b3 Rb7 20. Rac1 Ra6
21. e4 Ne7 22. Rfd1 Ra5 23. Rd6 Na6 24. Bf1 Nc5 25. Bc4 Nxe4 26. Rxe6 Nd2 27.
Be2 Nxb3 28. Rb1 Raa7 29. Bd1 Nd4 30. Rxb7 Rxb7 31. Re3 Nd5 32. Rd3 c5 33. Kg2
Rb2 34. h4 Ra2 35. h5 Nb6 36. Rc3 c4 37. hxg6 hxg6 38. Re3 Kf6 39. Re4 Nf5 40.
Rf4 Ke5 41. Rg4 Kf6 42. Rf4 Kg7 43. Bf3 Rxa4 44. Bg4 Nd6 45. Rd4 Nf7 46. Be6 c3
47. Rd3 Ra3 48. Re3 c2 49. Rxa3 c1=Q 50. Re3 Ng5 51. Bg4 Nd5 52. Re2 Nf6 53. Bf3
Nxf3 54. Kxf3 Qh1+ 55. Ke3 Qe4+ 56. Kd2 Qf3 57. Ke1 Ne4 58. Rc2 Kf6 59. Re2 Qh1# 0-1

[Event "Mondiale Lampo FIDE 2019"]
[Site "Mosca"]
[Date "29.12.2019"]
[Round "1.38"]
[White "Ganguly, Surya Shekhar"]
[Black "Zhigalko, Sergei"]
[Result "1-0"]
[WhiteTitle "GM"]
[BlackTitle "GM"]
[WhiteElo "2633"]
[BlackElo "2571"]
[WhiteFideId "5002150"]
[BlackFideId "13502956"]
[EventDate "2019.12.29"]

1. e4 c5 2. Nf3 Nc6 3. Nc3 Nf6 4. Bb5 Qc7 5. O-O Nd4 6. Re1 a6 7. Bc4 d6 8. Nd5
Nxd5 9. exd5 g6 10. Nxd4 cxd4 11. d3 h6 12. a4 Bg7 13. a5 Bf6 14. Bd2 Kf8 15. c3
h5 16. h3 Kg7 17. Qe2 b5 18. axb6 Qxb6 19. Ra2 Bb7 20. cxd4 Bxd4 21. Ba5 Qa7 22.
Qd2 Rhe8 23. Qf4 Bf6 24. Bd2 Qb6 25. Qh6+ Kg8 26. Bc3 Bxc3 27. bxc3 Qc5 28. Re6
Bxd5 29. Rxg6+ fxg6 30. Qxg6+ Kh8 31. Qxh5+ Kg7 32. Qg5+ Kh8 33. Bxd5 e6 34.
Qh6+ Kg8 35. Qg6+ Kh8 36. Ra4 1-0

[Event "Mondiale Lampo FIDE 2019"]
[Site "Mosca"]
[Date "29.12.2019"]
[Round "1.39"]
[White "Sargissian, Gabriel"]
[Black "Moiseenko, Vadim"]
[Result "1-0"]
[WhiteTitle "GM"]
[BlackTitle "GM"]
[WhiteElo "2689"]
[BlackElo "2526"]
[WhiteFideId "13300881"]
[BlackFideId "4123700"]
[EventDate "2019.12.29"]

1. d4 Nf6 2. Nf3 b6 3. c4 Bb7 4. g3 e6 5. Bg2 d5 6. cxd5 exd5 7. O-O Be7 8. Nc3
O-O 9. Ne5 Na6 10. Bg5 h6 11. Bxf6 Bxf6 12. f4 c6 13. Qc2 Nc7 14. Rad1 Ne8 15.
e4 dxe4 16. Nxe4 Rc8 17. Qb3 Rc7 18. Kh1 Nd6 19. Nxf6+ Qxf6 20. g4 Rd8 21. Qg3
Qe6 22. f5 Qf6 23. h4 Qe7 24. g5 hxg5 25. hxg5 c5 26. f6 Qe6 27. d5 Nf5 28. Qf4
Rxd5 29. Rxd5 Bxd5 30. Qxf5 Bxa2 31. Qf4 Rc8 1-0

[Event "Mondiale Lampo FIDE 2019"]
[Site "Mosca"]
[Date "29.12.2019"]
[Round "1.40"]
[White "Mikhailovsky, Vladimir"]
[Black "Wojtaszek, Radoslaw"]
[Result "0-1"]
[WhiteTitle "CM"]
[BlackTitle "GM"]
[WhiteElo "2209"]
[BlackElo "2725"]
[WhiteFideId "34105414"]
[BlackFideId "1118358"]
[EventDate "2019.12.29"]

1. d4 Nf6 2. Nf3 d5 3. c4 e6 4. Nc3 Nbd7 5. Bg5 h6 6. Bf4 Bb4 7. Qc2 c5 8. e3
cxd4 9. exd4 O-O 10. a3 Bxc3+ 11. bxc3 b6 12. Be2 Ba6 13. cxd5 Bxe2 14. Qxe2
Nxd5 15. Bd2 Qc7 16. c4 Nf4 17. Bxf4 Qxf4 18. O-O Rac8 19. Rac1 Rc7 20. Rc2 Rfc8
21. Rfc1 Nf6 22. g3 Qe4 23. Qxe4 Nxe4 24. Kf1 Kf8 25. Ke2 Ke7 26. Kd3 Nd6 27.
Ne5 Nb7 28. g4 Na5 29. Rc3 Rd8 30. Ke4 f6 31. Ng6+ Kf7 32. Nf4 g5 33. Ne2 Rdc8
34. c5 Ke7 35. f4 gxf4 36. Nxf4 bxc5 37. Rxc5 Rxc5 38. dxc5 Nb3 39. Rb1 Nd2+ 0-1

[Event "Mondiale Lampo FIDE 2019"]
[Site "Mosca"]
[Date "29.12.2019"]
[Round "1.41"]
[White "Anton Guijarro, David"]
[Black "Reshetnikov, Alexey"]
[Result "0-1"]
[WhiteTitle "GM"]
[BlackTitle "IM"]
[WhiteElo "2685"]
[BlackElo "2492"]
[WhiteFideId "2285525"]
[BlackFideId "4162080"]
[EventDate "2019.12.29"]

1. Nf3 g6 2. e4 c5 3. c3 Bg7 4. d4 cxd4 5. cxd4 d5 6. e5 Nc6 7. h3 f6 8. Bb5 a6
9. Bxc6+ bxc6 10. O-O Nh6 11. Re1 O-O 12. Nc3 Nf7 13. e6 Nd6 14. Bf4 f5 15. Bxd6
Qxd6 16. Na4 Bxe6 17. Qe2 Bf7 18. Qxe7 Qb8 19. b3 Re8 20. Qd7 Qc8 21. Qxc8 Raxc8
22. Nc5 a5 23. Ne5 g5 24. Rac1 f4 25. Nb7 Rc7 26. Nxa5 c5 27. Nxf7 Rxe1+ 28.
Rxe1 Kxf7 29. dxc5 Bc3 30. Rd1 Bxa5 31. Rxd5 h6 32. a3 Bc3 33. b4 Ra7 34. c6 Ke6
35. Rc5 Be5 36. b5 Bc7 37. Rc3 Kd5 38. h4 g4 39. Kf1 Kd4 40. Rb3 Kc5 41. Ke2 Ra5
42. Kd3 Rxb5 43. Rxb5+ Kxb5 44. Ke4 Kxc6 45. f3 gxf3 46. gxf3 Kc5 47. Kf5 Kd4
48. a4 Ke3 49. Kg4 h5+ 50. Kxh5 Kxf3 51. Kg5 Ke2 52. h5 f3 53. h6 f2 0-1

[Event "Mondiale Lampo FIDE 2019"]
[Site "Mosca"]
[Date "29.12.2019"]
[Round "1.42"]
[White "Santos Ruiz, Miguel"]
[Black "Mamedov, Rauf"]
[Result "0-1"]
[WhiteTitle "GM"]
[BlackTitle "GM"]
[WhiteElo "2585"]
[BlackElo "2659"]
[WhiteFideId "22291482"]
[BlackFideId "13401653"]
[EventDate "2019.12.29"]

1. e4 c5 2. Nf3 Nc6 3. d4 cxd4 4. Nxd4 g6 5. c4 Nf6 6. Nc3 Nxd4 7. Qxd4 d6 8.
Be3 Bg7 9. f3 O-O 10. Qd2 a5 11. Na4 Nd7 12. O-O-O Qc7 13. Kb1 Nc5 14. Nc3 Be6
15. h4 a4 16. h5 a3 17. Bh6 axb2 18. Bxg7 Kxg7 19. hxg6 fxg6 20. Qh6+ Kf7 21.
Qxh7+ Ke8 22. Qxg6+ Bf7 23. Qg5 Qa5 24. Qd2 Na4 25. Nb5 Kd7 26. Rh7 Qxd2 27.
Rxd2 Ra5 28. a3 Rc8 29. Nxd6 exd6 30. Rxf7+ Kc6 31. Rf6 Rd8 32. Be2 Rh5 33. Kc2
Rh1 34. Rd1 b1=Q+ 35. Kxb1 Nc3+ 36. Kc2 Nxd1 37. Bxd1 Kc5 38. Be2 Kd4 39. Kd2
Ra1 40. Bd1 Rxa3 41. Rf5 Kxc4 42. Be2+ Kb4 43. Rb5+ Ka4 44. Rxb7 Ra8 45. Bd1+
Ka5 46. Rb5+ Kxb5 0-1

[Event "Mondiale Lampo FIDE 2019"]
[Site "Mosca"]
[Date "29.12.2019"]
[Round "1.43"]
[White "Iturrizaga Bonelli, Eduardo"]
[Black "Narayanan, Srinath"]
[Result "1-0"]
[WhiteTitle "GM"]
[BlackTitle "GM"]
[WhiteElo "2597"]
[BlackElo "2529"]
[WhiteFideId "3901211"]
[BlackFideId "5018420"]
[EventDate "2019.12.29"]

1. c4 e5 2. g3 Nf6 3. Bg2 Bc5 4. Nc3 O-O 5. Nf3 Nc6 6. O-O Re8 7. e3 d6 8. d4
Bb6 9. h3 h6 10. a3 exd4 11. exd4 Bf5 12. b4 Ne4 13. Na4 a5 14. b5 Ne7 15. Nxb6
cxb6 16. Bb2 d5 17. c5 Qd7 18. g4 Qxb5 19. Rb1 Bh7 20. Ba1 Qd7 21. Rxb6 Ng6 22.
Qb3 Re7 23. Rd1 Nf4 24. Ne5 Qc8 25. Bf1 Ng5 26. Qe3 Nfe6 27. f4 Ne4 28. f5 Nc7
29. Qb3 Ra7 30. Nc6 bxc6 31. Rb8 Ra8 32. Rxc8+ Rxc8 33. Qb7 Rce8 34. Qxc6 Ng5
35. Bc3 h5 36. Bxa5 hxg4 37. hxg4 Re4 38. Bxc7 Rxg4+ 39. Kf2 Rf8 40. Qxd5 Ne4+
41. Kf3 Nf6 42. Qd6 Bxf5 43. Bd3 Be6 44. Re1 Bd5+ 45. Kf2 Rg2+ 46. Kf1 Ra2 47.
Qg3 Ra8 48. Be5 Nh5 49. Qg5 Bg2+ 50. Kg1 Bf3 51. Be4 Rg2+ 52. Qxg2 Bxg2 53. Bxa8
Bxa8 54. Rc1 f6 55. Bd6 Bc6 56. d5 Bxd5 57. c6 Be6 58. c7 Bc8 59. Rb1 1-0